Stati dell'Africa da Nord a Sud - Statistics

Statistiche generali
  • Questo quiz è stato fatto 26 volte
  • Il punteggio medio è 22 su 54
Statistiche sulle risposte
Latitudine punto nazionale più a Nord Stato % Corretto
37°31′N Tunisia
100%
37°05′N Algeria
95%
35°55′N Marocco
95%
31°36′N Egitto
90%
33°10′N Libia
90%
27°19′N Mauritania
81%
25°04′N Mali
71%
23°31′N Niger
62%
22°12′N Sudan
57%
23°29′N Ciad
52%
22°20′S Sudafrica
52%
18°00′N Eritrea
48%
28°34′S Lesotho
43%
17°46′S Botswana
38%
17°12′N Capo Verde
38%
25°44′S eSwatini
38%
09°22′S Malawi
38%
10°25′S Mauritius
38%
16°56′S Namibia
38%
15°37′S Zimbabwe
38%
04°24′S Angola
33%
15°05′N Burkina Faso
33%
13°05′N Camerun
33%
14°53′N Etiopia
33%
13°49′N Gambia
33%
11°57′S Madagascar
33%
16°41′N Senegal
33%
03°43′S Seychelles
33%
00°59′S Tanzania
33%
08°14′S Zambia
33%
12°25′N Benin
29%
02°18′S Burundi
29%
11°22′S Comore
29%
11°10′N Ghana
29%
12°42′N Guinea
29%
12°39′N Guinea-Bissau
29%
03°47′N Guinea Equatoriale
29%
05°35′N Kenya
29%
08°33′N Liberia
29%
10°27′S Mozambico
29%
13°50′N Nigeria
29%
11°01′N Repubblica Centrafricana
29%
03°43′N Repubblica del Congo
29%
01°03′S Ruanda
29%
01°42′N São Tomé e Príncipe
29%
09°59′N Sierra Leone
29%
12°14′N Sudan del Sud
29%
11°08′N Togo
29%
10°44′N Costa d'Avorio
24%
02°19′N Gabon
24%
12°43′N Gibuti
24%
05°22′N Repubblica Democratica del Congo
24%
11°59′N Somalia
24%
04°14′N Uganda
24%
Nessun quiz corrispondente trovato
Distribuzione punteggi
Percentuale di utenti per punteggio
Percentile per numero di risposta
I tuoi punteggi nel tempo
Non hai fatto questo quiz